000 00966nam a2200289 i 4500
001 bg
003 BPK
005 20200630132815.0
008 990506s1984 pl a f f |000 0 pol
015 _aPB 1984/5387
020 _a8301035978
040 _aWA N
_cBPK
041 0 _apol
080 _a678
080 _a(075.8)
100 1 _aHyla, Izabella
_d(1931- ).
245 1 0 _aTworzywa sztuczne :
_bwłasności, przetwórstwo, zastosowanie : [skrypt dla studentów szkół technicznych] /
_cIzabella Hyla.
250 _a[Wyd. 2].
260 _aWarszawa ;
_aŁódź :
_bPańst. Wydaw. Naukowe,
_c1984.
300 _a175, [1] s. :
_brys., wykr. ;
_c24 cm.
504 _aBibliogr. s. [176].
655 4 _aPodręczniki akademickie
650 4 _aTworzywa sztuczne
710 2 _aPaństwowe Wydawnictwo Naukowe
_4pbl.
856 _uhttp://koha.tu.koszalin.pl/cgi-bin/koha/opac-detail.pl?biblionumber=1171
_yKatalog online BPK
942 _2UKD
_cKS
999 _c1171
_d1171